000
00317nam a22001217a 4500
040
_c
Nust
082
_a
297.7
_b
ASH
100
_a
Maulana Ashraf Ali Thanvi
_9
114492
245
_a
اصلاحی نصاب
260
_a
Karachi:
_b
H. M Saeed Company,
_c
1995.
650
_a
اصلاحی نصاب
_9
126054
942
_2
ddc
_c
BK
999
_c
611779
_d
611779